000 00776cam a2200277 a 4500
001 000025294
003 DO-SdBPM
005 20250221110024.0
007 000025294
008 880808s2010 mx a 000 f spa d
020 _a9685146357
040 _aDO-SdBPM
_bspa
_cBPMSU
082 4 _a863.5
_bJ61p 2010
_222
100 1 _aJiménez, Juan Ramón,
_d1881-1958.
245 1 0 _aPlatero y yo /
_cJuan Ramón Jiménez.
260 _aMéxico :
_bEdiciones Leyenda,
_c2010
300 _a126 p. ;
_c24 cm.
_b
490 0 _aClásicos
590 _aInventariado, 2024/VM
650 4 _aNovela juvenil española
650 4 _aAnimales
_vNovela
650 4 _a Asnos
_v Novela
650 4 _aLiteratura española
910 _aVMateo V. Control de calidad. BPMSU
942 _2ddc
_cBK
999 _c7640
_d7640